| 000 | 01428 a2200289 4500 | ||
|---|---|---|---|
| 003 | Nust | ||
| 005 | 20221219095026.0 | ||
| 010 | _a 2004052554 | ||
| 020 | _a0060560908 (alk. paper) | ||
| 035 | _a(OCoLC)ocm56032735 | ||
| 040 | _cNust | ||
| 082 | 0 | 0 | _a303.62,DAH |
| 100 | 1 |
_aDahlby, Tracy. _927240 |
|
| 245 | 1 | 0 |
_aAllah's torch : _ba report from behind the scenes in Asia's war on terror / _cTracy Dahlby. |
| 250 | _a1st ed. | ||
| 260 |
_aNew York : _bWilliam Morrow, _cc2005. |
||
| 300 |
_ax, 307 p. ; _c24 cm. |
||
| 505 | _aHoly War (Paeg-11), Unbottled Lightning (Paeg-20), Unhappy Campers (Paeg-33), Mike (Paeg-50), Murders and Thieves (Paeg-62), Paradise (Paeg-71), Frogs (Paeg-85), Original Sin (Paeg-96), Escape (Paeg-108), Battle of Wills (Paeg-125), Hidden Force (Paeg-137), Fear Itself (Paeg-150), Fatwa (Paeg-168), Rizieq (Paeg-186), Dead Men Walking (Paeg-199), Lair (Paeg-211), Terror High (Paeg-222), The Mellow and The Brave (Paeg-243), Wild Horse (Paeg-256), Java Man (Paeg-269). | ||
| 600 | 1 | 0 |
_aDahlby, Tracy. _927240 |
| 650 | 0 |
_aAmericans _zIndonesia _9105153 |
|
| 650 | 0 |
_aAnti-Americanism _zIndonesia. _9105154 |
|
| 650 | 0 |
_aJournalists _zIndonesia _9105155 |
|
| 650 | 0 |
_aTerrorism _xReligious aspects _xIslam. _98478 |
|
| 650 | 0 |
_aTerrorism _zIndonesia. _9105156 |
|
| 856 | 4 | 1 |
_3Table of contents only _uhttp://www.loc.gov/catdir/toc/fy0712/2004052554.html |
| 942 |
_2ddc _cBK _k303.62,DAH |
||
| 999 |
_c176853 _d176853 |
||